| 000 | 00371nam a2200157Ia 4500 | ||
|---|---|---|---|
| 100 | _aReddy/V.S.K/ latha/Y.M | ||
| 650 | _aSignal Processing | ||
| 942 | _cBK | ||
| 366 | _f25 | ||
| 654 | _amatlab | ||
| 245 | _aSignal processing Simulation using Matlab(Design Manual) | ||
| 260 |
_bSci tech _c2010 |
||
| 082 |
_a621.3822 _bRED |
||
| 546 |
_aENGLISH _cTTL |
||
| 999 |
_c19892 _d19892 |
||